Statistiques concernant Tous les pokémon d' Hélio

Cliquez ici pour prendre le quiz!

Statistiques générales

  • Ce quiz a été pris 19 fois
  • Le résultat moyen est 9 sur 13

Statistiques - réponses

HintRéponse% Correct
Nostenfer
93%
Corboss
86%
Ultra-Soleil
& Ultra-Lune
Dialga
86%
Palkia
86%
Diamant & PerleCornèbre
79%
PlatineDémolosse
79%
Dimoret
79%
Farfuret
71%
Nosferalto
71%
Léviator
64%
Diamant étincelant
& Perle scintillante
Drattak
29%
Entei
29%
Motisma (Chaleur)
21%

Distribution des résultats

Percentile par nombre de réponses

% des personnes avec chaque résultat

Votre développement - résultats

Vous n’avez pas pris ce quiz